000 01013nam a22003137a 4500
001 BR9904085
003 BR-BrBNA
005 20230928100516.0
007 ta
008 230509b bl.||||| |||| 00| 0 por d
040 _aBR-BrBNA
_bpor
_cBiblioteca Nacional de Agricultura
041 _a(Por)
072 _aK10; F70
090 _ K10 BR9904085
100 1 _aPassos, M.J.
110 1 _aEscola Superior de Agricultura Luiz de Queiroz, Piracicaba, SP (Brasil)
_0Tese (Mestre em Ciencias)
245 1 _aEstrutura da vegetacao arborea e regeneracao natural em remanescentes de mata ciliar do rio Mogi Guacu - SP
260 3 _aPiracicaba, SP (Brasil):
_c1998.
300 _a68 p.
500 _aSummaries (Eng, Por); Bibliography p. 57-65; 6 tables; 18 illus.
650 _aMata Ciliar
650 _aRegeneracao Natural
650 _aComposicao Botanica
650 _aEstrutura Vegetal
650 _aTaxonomia Vegetal
650 _aSao Paulo
909 _a202309
_bLucia
_c55
_dLucia Elande
942 _cBK
999 _c61609
_d61609